000 00564nam a2200205Ia 4500
005 20240311101842.0
008 131103s9999 xx 000 0 und d
040 _aLoreto College
041 _aEnglish
082 _a371.4
_bBHA
245 _aGuidance and Counselling Vol II,
_b
_cEdited by Asha Bhatnagar and Nirmala Gupta
250 _a A Practical Approach
260 _aDelhi
_bVikas Publishing
_c1999
300 _axvi,294 p.
504 _aIncludes index
650 _aEducation
700 _aBhatnagar,Asha,ed.
850 _aLCLIB
942 _cBK
999 _c12836
_d63315